00664nam a22001697a 4500003000500000038001800005082000800023100002800031245014900059264003600208650004400244700003200288856005700320942001200377999001900389952008600408NUST aNusrat Nadeem a200 aNusrat Jabeen, 9133400 aThermal Management and Electrical Efficiency Enhancement of Conventional PV Modules using Nano Fluids and Phase Change Material/cJabeen, Nusrat aIslamabad;bUSPCASE NUSTc2026. aPhD-Energy Systems Engineering 9123158 aSupervisor: Dr. Adeel Waqas uhttp://10.250.8.41:8080/xmlui/handle/123456789/57204 2ddccSC c616360d616360 00104070aCLbCLcTHEd2026-02-24l0o200pCLPT-792r2026-02-24w2026-02-24ySC